Представление документа в формате RUSMARC

ПолеНазваниеЗначение
  Тип записи a
  Библиографический уровень a
001 Контрольный номер 8ff5b785a27349608f3869a625607b35
005 Дата корректировки 20260427160243.7
100 Данные общей обработки __
a Данные общей обработки 20260413 ||| 0rusy0189 ca
101 Язык документа 0_
a Язык текста rus
102 Страна публикации __
a Страна публикации RU
200 Заглавие и сведения об ответственности 1_
a Заглавие Эффект ореола
e Сведения, относящиеся к заглавию [психофизиологические особенности восприятия привлекательных черт, и как разногласие в системе измерений может сформировать миф вокруг личности]
f Первые сведения об ответственности О. Полякова
461 Уровень набора _0
1 2000
a Вокруг света
463 Уровень физической единицы _0
1 2000
a № 2 (3012)
v С. 80-82 : фот., ил.
1 2101
d 2026
1 0019bbde01468524695bb5f5e1dc0166fba
606 Тематические рубрики 0_
a Основная рубрика Общая психология
610 Ключевые слова 0_
a Ключевые слова психофизиология, восприятие, психические процессы, восприятие красоты, премия за красоту (эффект), восприятие внешности, привлекательные люди, особенности привлекательности, теории привлекательности, харизма, психологические эффекты, усиленный ореол (эффект), ошибки восприятия, мифы, социальная психология, восприятие толпы, эффект относительного восприятия, психология
686 Индексы других классификаций __
a Классификационный индекс 88.2
700 Автор _1
a Фамилия Полякова
b Имя (инициалы) О.
g Полное личное имя Оксана
801 Источник записи _0
a Страна RU
b Организация УОБДЮ
c Дата составления 20260413
g Правила каталогизации RCR
801 Источник записи _1
a Страна RU
b Организация УОБДЮ
c Дата составления 20260413
g Правила каталогизации RCR
901 Тип документа __
t Тип документа b
w Контрольный № источника 9bbde01468524695bb5f5e1dc0166fba
905 Данные по созданию БЗ __
b Логин пользователя, который создал БЗ ibo10